Richmond Tigers Theme Song - Statistics

General Stats
  • This quiz has been taken 208 times
  • The average score is 58 of 69
Answer Stats
Answer % Correct
Tiger
98%
A
96%
A
96%
From
96%
From
96%
From
96%
From
96%
From
96%
Oh
96%
We're
96%
We're
96%
We're
96%
We're
96%
We're
96%
We're
96%
We're
96%
We're
96%
Fight
95%
Fight
95%
Fighting
92%
Fury
92%
In
92%
Tigerland
92%
Tigerland
92%
Tigerland
92%
Tigerland
92%
And
91%
And
91%
And
91%
And
91%
And
91%
Grin
88%
See
88%
The
88%
The
88%
Us
88%
You
88%
Head
86%
Will
86%
With
86%
Black
85%
Risking
85%
Shin
85%
Yellow
85%
Any
84%
Weather
83%
Win
83%
Never
80%
Never
80%
Final
78%
We'll
78%
We'll
78%
Behind
74%
Bold
74%
Siren's
74%
Strong
74%
Mind
73%
Of
73%
Old
73%
If
72%
'Til
72%
Gone
70%
Tigers
68%
Then
67%
Like
66%
Weaken
64%
For
49%
For
49%
For
49%
No matching quizzes found
Score Distribution
Percent of People with Each Score
Percentile by Number Answered
Your Score History
You have not taken this quiz